| 000 | 00541 a2200181 4500 | ||
|---|---|---|---|
| 003 | OSt | ||
| 005 | 20260309093633.0 | ||
| 008 | 260307b |||||||| |||| 00| 0 eng d | ||
| 020 | _a9788126428410 | ||
| 040 | _coclc | ||
| 082 |
_a894.8122 _bPAD/T |
||
| 100 | 1 |
_aPatmarājan, Pi., _d1945-1991 _96413 |
|
| 245 |
_aTHOOVANATHUMBIKALUM MATTU THIRAKADHAKALUM / _cP Padmarajan |
||
| 250 | _a8th Ed. | ||
| 260 |
_aKottayam: _bD C Books. _c2025, |
||
| 300 | _a464 pages | ||
| 942 |
_2ddc _cBK _h894.8122 _iPAD/T _k894.8122 _mPAD/T |
||
| 999 |
_c44687 _d44687 |
||